000 00620nam a22002177a 4500
003 UA-OsUOA
001 94822
007 ta
008 20130218b un ||||| |||| 00| 0 ukr d
090 _a821.161.1
_bД54
942 _cBK
040 _aUA-OsUOA
_brus
_cUA-OsUOA
_dUA-OsUOA
245 _aДневники и письма комсомольцев
_cсост. М. Катаева
300 _a366 с.
955 _a3
041 _arus
080 _a821.161.1
260 _aМ.
_bМолодая гвардия
_c1978
650 7 _a82 Література. Літературознавство
_2UDC
999 _c381071
_d381071